000 00579nam a22002052 4500
001 0000012999
005 20151217152119.0
008 090518s xx 000 0 eng d
020 _a8131713839 :
040 _aKABU
_cKABU
100 1 _aEdde, Byron.
_@0000170043
245 1 0 _aRadar :
_bprinciples, technology, applications /
_cByron Edde.
250 _a1st ed.
260 _aNew Delhi :
_bPearson Education,
_c1995.
300 _a731 p.
650 0 _aRadar.
_@0000170044
852 1 _9p4125
908 _a090518
950 _@1
999 _c8399
_d8399